|
|
|
|
| LEADER |
00000nas a2200000 a 4500 |
| 001 |
ssj0067687 |
| 003 |
WaSeSS |
| 005 |
20200512172242.0 |
| 006 |
m d |
| 007 |
cr n |
| 008 |
081119c20079999rm fr p s 0 0eng c |
| 010 |
|
|
|a 2009213538
|
| 022 |
|
|
|l 1843-5998
|y 1843-5998
|
| 035 |
|
|
|a (WaSeSS)ssj0067687
|
| 040 |
|
|
|a STF
|b eng
|c STF
|d DLC
|d OCLCQ
|d OCLCF
|d BEDGE
|d AU@
|d WAU
|d CUS
|d OCLCA
|d HUELT
|d WaSeSS
|
| 042 |
|
|
|a pcc
|
| 043 |
|
|
|a e-rm---
|
| 050 |
0 |
0 |
|a HB3631
|b .R66
|
| 210 |
1 |
|
|a Rom. J. Popul. Stud.
|
| 222 |
|
0 |
|a Romanian journal of population studies
|
| 245 |
0 |
0 |
|a Romanian journal of population studies
|h [electronic resource].
|
| 260 |
|
|
|a Cluj-Napoca, România :
|b Babeș-Bolyai University, Cluj University Press
|
| 310 |
|
|
|a Two no. a year
|
| 362 |
0 |
|
|a Vol. 1, no. 1/2 (2007)-
|
| 506 |
|
|
|a License restrictions may limit access.
|
| 550 |
|
|
|a Issued by the Centre for Population Studies, Babeș-Bolyai University of Cluj-Napoca.
|
| 588 |
|
|
|a Latest issue consulted: Vol. V, no. 2 (July/December 2011).
|
| 650 |
|
7 |
|a Population.
|2 fast
|0 (OCoLC)fst01071476
|
| 650 |
|
7 |
|a Publications périodiques.
|2 eclas
|
| 650 |
|
7 |
|a Démographie.
|2 eclas
|
| 650 |
|
7 |
|a Population.
|2 eclas
|
| 650 |
0 |
4 |
|a periodika
|
| 651 |
|
0 |
|a Romania
|x Population
|x History
|v Periodicals.
|
| 651 |
|
0 |
|a Romania
|x Population
|v Periodicals.
|
| 651 |
|
7 |
|a Romania.
|2 fast
|0 (OCoLC)fst01205085
|
| 651 |
|
7 |
|a Roumanie.
|2 eclas
|
| 655 |
|
0 |
|a Electronic journals.
|
| 710 |
2 |
|
|a Universitatea "Babeș-Bolyai".
|b Centrul de Studiere a Populației.
|
| 850 |
|
|
|a DLC
|
| 856 |
4 |
0 |
|z Full text available from Research Library: 01/01/2013 to present
|u https://search.proquest.com/publication/2030190
|